René Girard (Record no. 152728)

MARC details
000 -LEADER
fixed length control field nam a22 7a 4500
005 - DATE AND TIME OF LATEST TRANSACTION
control field 20191106115705.0
008 - FIXED-LENGTH DATA ELEMENTS--GENERAL INFORMATION
fixed length control field 191106t 2017sp ||||| |||| 00| 0 spa d
020 ## - INTERNATIONAL STANDARD BOOK NUMBER
International Standard Book Number 9788491482857
050 04 - LIBRARY OF CONGRESS CALL NUMBER
Classification number B2430.G494
Item number P37 ©2017
100 1# - MAIN ENTRY--PERSONAL NAME
Personal name Parrilla Martínez, Desiderio,
Dates associated with a name [1975- ]
245 10 - TITLE STATEMENT
Title René Girard
Remainder of title : la violencia desvelada
Statement of responsibility, etc / Desiderio Parrilla Martínez
250 ## - EDITION STATEMENT
Edition statement 1a ed.
260 ## - PUBLICATION, DISTRIBUTION, ETC. (IMPRINT)
Place of publication, distribution, etc Madrid :
Name of publisher, distributor, etc Dykinson,
Date of publication, distribution, etc 2017
300 ## - PHYSICAL DESCRIPTION
Extent 206 p. ;
Dimensions 21 cm.
600 17 - SUBJECT ADDED ENTRY--PERSONAL NAME
Personal name Girard, René,
Dates associated with a name [1923-2015]
General subdivision Crítica e interpretación
650 #7 - SUBJECT ADDED ENTRY--TOPICAL TERM
Topical term or geographic name as entry element Violencia
General subdivision Aspectos éticos
650 #7 - SUBJECT ADDED ENTRY--TOPICAL TERM
Topical term or geographic name as entry element Ética social
942 ## - ADDED ENTRY ELEMENTS (KOHA)
Source of classification or shelving scheme Biblioteca del Cogreso de los Estados Unidos
Koha item type Libro
Holdings
Estado de pérdida Fuente de clasificación Estado del daño No para préstamo Ubicación permanente Ubicación actual Apartado o colección Fecha de adquisición Edición Área del conocimiento Clasificación Código de Barras Date last seen Número de copia Costo por reposición Tipo de recurso
  Biblioteca del Cogreso de los Estados Unidos     Biblioteca de la Facultad de Filosofía Biblioteca de la Facultad de Filosofía General 06/11/2019 1a ed. Educación y Humanidades B2430.G494 P37 2017 BFF000033597 06/11/2019 C.1 1.00 Libro